Significant Regions of Nigerian Diaspora - Statistics

General Stats
  • This quiz has been taken 31 times
  • The average score is 22 of 30
Answer Stats
Overseas Nigerians Country % Correct
312,000 United Kingdom
100%
461,895 United States
100%
111,465 Canada
97%
4,000,000 Cameroon
93%
1,000,000 Ghana
93%
106,069 Italy
90%
155,000 Niger
90%
36,500 South Africa
90%
8,101 Brazil
86%
100,000 Germany
86%
4,519 Australia
83%
6,000,000 Benin
83%
60,000 Spain
79%
32,000 Togo
79%
16,000 United Arab Emirates
79%
20,559 Ireland
76%
50,000 Mexico
76%
79,547 Saudi Arabia
76%
88,000 Chad
72%
44,791 Ivory Coast
72%
20,000 Netherlands
69%
24,000 Gabon
66%
5,000 Burkina Faso
62%
11,326 Sweden
55%
60,000 Central African Republic
52%
5,000 Kuwait
48%
19,286 Austria
38%
4,853 Finland
34%
5,000 Mozambique
24%
60,000 Chile
17%
No matching quizzes found
Score Distribution
Percent of People with Each Score
Percentile by Number Answered
Your Score History
You have not taken this quiz